Binnenstaaten - Statistiken

Allgemein
  • Dieses Quiz wurde 96 mal gespielt
  • Das Durchschnittsergebnis liegt bei 38 aus 45
Antwortstatistiken
Binnenstaat % Korrekt
Slowakei
95%
Niger
94%
Österreich
94%
Schweiz
94%
Andorra
92%
Kirgisistan
92%
Paraguay
92%
Tadschikistan
92%
Kasachstan
91%
Liechtenstein
91%
Mongolei
91%
Tschad
91%
Tschechien
91%
Bolivien
90%
San Marino
90%
Ungarn
90%
Mali
89%
Serbien
89%
Vatikanstadt
87%
Zentralafrikanische Republik
87%
Bhutan
86%
Nepal
86%
Usbekistan
86%
Luxemburg
85%
Südsudan
85%
Lesotho
84%
Ruanda
84%
Turkmenistan
84%
Botswana
82%
Afghanistan
81%
Eswatini
81%
Nordmazedonien
81%
Armenien
80%
Belarus
80%
Burkina Faso
80%
Laos
80%
Burundi
78%
Malawi
78%
Sambia
78%
Simbabwe
77%
Uganda
77%
Kosovo
76%
Aserbaidschan
71%
Äthiopien
71%
Moldau
51%
Keine übereinstimmenden Quizze gefunden
Verteilung der Resultate
Anzahl Personen mit jedem Resultat
Perzentil nach korrekt beantworteten Fragen
Ihre Resultats-Entwicklung
Sie haben dieses Quiz noch nicht gespielt